Using Moodle : teaching with the popular open source course management system
Αποθηκεύτηκε σε:
| Κύριος συγγραφέας: | |
|---|---|
| Μορφή: | Βιβλίο |
| Γλώσσα: | English |
| Δημοσίευση: |
Sebastopol, CA :
OReilly Community Press,
c2005
|
| Έκδοση: | 1st ed. |
| Θέματα: | |
| Ετικέτες: |
Προσθήκη ετικέτας
Δεν υπάρχουν, Καταχωρήστε ετικέτα πρώτοι!
|
MARC
| LEADER | 00000nam a2200000 i 4500 | ||
|---|---|---|---|
| 001 | 1/54325 | ||
| 008 | 070910s2005 eng d | ||
| 020 | |a 978-0-596-00863-5 | ||
| 020 | |a 0-596-00863-5 | ||
| 035 | |l 10090541 | ||
| 040 | |a GR-MY-UA |b gre |e aacr | ||
| 041 | 0 | |a eng | |
| 082 | 0 | |a 005.1 |2 (22) | |
| 100 | 1 | |a Cole, Jason R. | |
| 245 | 1 | 0 | |a Using Moodle : |b teaching with the popular open source course management system / |c Jason Cole |
| 250 | |a 1st ed. | ||
| 260 | |a Sebastopol, CA : |b OReilly Community Press, |c c2005 | ||
| 300 | |a xv, 219 σ.; |b εικ.; |c 23 εκ. | ||
| 504 | |a Ευρετήριο: σ. 217-219 | ||
| 650 | 0 | 0 | |a Computer-assisted instruction |x Computer programs |x Handbooks, manuals, etc. |
| 650 | 0 | 0 | |a Instructional systems |x Design |x Handbooks, manuals, etc. |
| 650 | 0 | 0 | |a Open source software |x Handbooks, manuals, etc. |
| 650 | 0 | 0 | |a Educational Web sites |x Management |x Computer programs. |
| 650 | 0 | 0 | |a Computer networks |x Management |x Computer programs. |
| 852 | |a INST |b LESVOS |e 20070910 |h 005.1 COL |p 005100041147 |q 005100041147 |t BK |y 0 | ||
| 852 | |a INST |b RHODES |e 20080422 |h 371.334 COL |p 005400029256 |q 005400029256 |t BK |y 0 | ||
| 852 | |a INST |b SAMOS |e 20071107 |h 371.334 COL |p 005300027890 |q 005300027890 |t BK |y 0 | ||
| 901 | |a BIBL3-2007-3 | ||
| 901 | |a BIBL1-2007-3 | ||
| 909 | |a Σ |b 139190 | ||
| 909 | |a Λ |b 138351 | ||
| 909 | |a Ρ |b 151781 | ||
| 922 | |a 3ΕΛΗ |b 200709 |c ΕΠΕΑΕΚ2/ΤΜΗΜΑ ΜΑΘΗΜΑΤΙΚΩΝ |d ΠΑΠΑΣΩΤΗΡΙΟΥ | ||
| 922 | |a 1ΕΛΗ |b 200707 |c ΕΠΕΑΕΚ2/ΠΤΕ |d ΠΑΠΑΣΩΤΗΡΙΟΥ | ||
| 922 | |a 4ΕΛΗ |b 200803 |c ΕΠΕΑΕΚ2/ΠΤΔΕ |d ΕΛΕΥΘΕΡΟΥΔΑΚΗΣ | ||
| 970 | |a ΚΑΡΑ |b ΓΙΑΣΕΜΗ |z 2007/09/10 | ||